Central Library OPAC University of Rajshahi

Studies in accounting theory / (Record no. 62657)

MARC details
000 -LEADER
fixed length control field 00770nam a2200229 a 4500
001 - CONTROL NUMBER
control field 62657
003 - CONTROL NUMBER IDENTIFIER
rucl marc code BD-RjUL
005 - DATE AND TIME OF LATEST TRANSACTION
control field 20211209081117.0
008 - FIXED-LENGTH DATA ELEMENTS--GENERAL INFORMATION
fixed length control field 170125s1950 enk 000 0 eng
035 ## - SYSTEM CONTROL NUMBER
System control number (BD-RjUL)62783
040 ## - CATALOGING SOURCE
Original cataloging agency DLC
Transcribing agency OClU
Modifying agency BD-RjUL
Language of cataloging eng
041 ## - LANGUAGE CODE
Language code of text/sound track or separate title eng
082 ## - DEWEY DECIMAL CLASSIFICATION NUMBER
Classification number 657
Edition number 23
Author mark and year BAS 1950
100 1# - MAIN ENTRY--PERSONAL NAME
Personal name Baxter, William T.
Fuller form of name (William Threipland),
Dates associated with a name 1906-2006,
9 (RLIN) 186288
245 10 - TITLE STATEMENT
Title Studies in accounting theory /
Statement of responsibility, etc. Edited by W. T. Baxter and Sidney Davidson.
260 ## - PUBLICATION, DISTRIBUTION, ETC. (IMPRINT)
Place of publication, distribution, etc. London :
Name of publisher, distributor, etc. Australia law book co.,
Date of publication, distribution, etc. c1950
300 ## - PHYSICAL DESCRIPTION
Pagination 455 p. :
Illustrations ill. ;
Size 26 cm.
500 ## - GENERAL NOTE
General note Published in 1950 under title: Studies in accounting.
650 #0 - SUBJECT ADDED ENTRY--TOPICAL TERM
Topical term or geographic name as entry element Accounting.
9 (RLIN) 175106
Topical term or geographic name as entry element Accounting
General subdivision Law and legislation
Geographic subdivision Great Britain.
9 (RLIN) 186289
942 ## - ADDED ENTRY ELEMENTS (KOHA)
Source of classification or shelving scheme Dewey Decimal Classification
Koha item type Books
Holdings
Lost status Source of classification or shelving scheme Damaged status Not for loan Collection code Permanent Location Current Location Shelving location Date acquired Source of acquisition Cost, normal purchase price Total Checkouts Full call number Date last seen Copy number Koha item type
  Dewey Decimal Classification   Not For Loan Non-fiction Central Library, University of Rajshahi Central Library, University of Rajshahi Reading Room 10/04/1957 Pub. united Ltd. 48.12   657 BAS 1950 25/01/2017 C-1 Books
  Dewey Decimal Classification     Non-fiction Central Library, University of Rajshahi Central Library, University of Rajshahi   04/10/1957   48.00   657 BAS 1950 27/03/2019 C-2 Books